[Event "Prague Golden op 14th"]
[Site "Prague"]
[Date "2018.07.01"]
[Round "2"]
[White "Cabart, Pavel"]
[Black "Stepanek, Svatopluk"]
[Result "1-0"]
[WhiteElo "1724"]
[BlackElo "1841"]
[PlyCount "93"]
[EventDate "2018.06.30"]
[EventType "swiss"]
[EventRounds "9"]
[EventCountry "CZE"]
[SourceTitle "CBM 185 Extra"]
[Source "ChessBase"]
[SourceDate "2018.07.29"]
[SourceVersion "1"]
[SourceVersionDate "2018.07.29"]
[SourceQuality "1"]

1. e4 e5 2. Nf3 Nc6 3. d4 exd4 4. Nxd4 Bc5 5. Nb3 Bb6 6. Nc3 d6 7. Qe2 h6 8. Be3 Nf6 9. f3 Bd7 10. 0-0-0 Bxe3+ 11. Qxe3 0-0 12. g4 Ne5 13. Be2 a6 14. h4 Nh7 15. Nd4 b5 16. Nf5 Re8 17. Qd4 f6 18. g5 Bxf5 19. exf5 fxg5 20. hxg5 Qxg5+ 21. f4 Qxf5 22. fxe5 Rxe5 23. Bd3 Qg5+ 24. Kb1 Rae8 25. a3 Qe7 26. Nd5 Qd8 27. Nf4 Nf6 28. Qg1 Rg5 29. Qh2 Ng4 30. Qh4 Ne5 31. Qh3 Ng4 32. Qh4 Ne5 33. Nh5 d5 34. Nxg7 Rxg7 35. Qxh6 Qg5 36. Qxa6 c6 37. Qb6 Qd8 38. Qd4 Qc7 39. Qh4 Nxd3 40. Rxd3 Qe5 41. Qh8+ Kf7 42. Rf1+ Ke7 43. Qh6 Kd7 44. Rff3 Rg1+ 45. Ka2 d4 46. Rf7+ Kc8 47. Qxc6+ 1-0

[Event "Prague Golden op"]
[Site "Prague"]
[Date "2010.07.??"]
[Round "1"]
[White "Stepanek, Svatopluk"]
[Black "Rehak, Martin"]
[Result "0-1"]
[WhiteElo "1870"]
[BlackElo "2110"]
[PlyCount "36"]
[EventDate "2010.07.??"]
[EventType "swiss"]
[EventRounds "9"]
[EventCountry "CZE"]
[SourceTitle "EXT 2012"]
[Source "ChessBase"]
[SourceDate "2011.11.24"]
[SourceVersion "1"]
[SourceVersionDate "2011.11.24"]
[SourceQuality "1"]

1. d4 Nf6 2. c4 c5 3. d5 b5 4. cxb5 a6 5. Nc3 axb5 6. Nxb5 Ba6 7. Nc3 d6 8. Nf3 g6 9. e4 Bxf1 10. Kxf1 Bg7 11. h4 Na6 12. Ng5 h6 13. Nh3 Qb6 14. Nf4 h5 15. Qa4+ Kf8 16. Qb5 Qxb5+ 17. Nxb5 Nxe4 18. f3 Ng3+ 0-1

[Event "Ricany op-A"]
[Site "Ricany"]
[Date "2008.08.26"]
[Round "5"]
[White "Muzikar, Martin"]
[Black "Stepanek, Svatopluk"]
[Result "1-0"]
[WhiteElo "1837"]
[BlackElo "2044"]
[PlyCount "55"]
[EventDate "2008.08.23"]
[EventType "swiss"]
[EventRounds "9"]
[EventCountry "CZE"]
[SourceTitle "CBM 126 Extra"]
[Source "ChessBase"]
[SourceDate "2008.11.05"]
[SourceVersion "1"]
[SourceVersionDate "2008.11.05"]
[SourceQuality "1"]

1. e4 e5 2. Bc4 Nf6 3. Nc3 Bc5 4. d3 h6 5. f4 d6 6. Na4 Bg4 7. Nf3 Bb6 8. Nxb6 axb6 9. fxe5 dxe5 10. Bxf7+ Ke7 11. Bb3 Nc6 12. c3 Rf8 13. 0-0 Kd7 14. Be3 Kc8 15. h3 Bh5 16. g4 Be8 17. Nh4 Bd7 18. Nf5 Bxf5 19. Rxf5 Qd6 20. Qe2 Kb8 21. Raf1 Ka7 22. Bc2 Ne7 23. R5f3 Ng6 24. Qf2 Nd7 25. Qg3 Nf4 26. Bxf4 exf4 27. Rxf4 g5 28. R4f3 1-0

[Event "Prague ProMoPro op"]
[Site "Prague"]
[Date "2006.09.15"]
[Round "7"]
[White "Stepanek, Svatopluk"]
[Black "Urbanek, Stepan"]
[Result "0-1"]
[WhiteElo "2005"]
[BlackElo "2086"]
[PlyCount "76"]
[EventDate "2006.09.09"]
[EventType "swiss"]
[EventRounds "9"]
[EventCountry "CZE"]
[SourceTitle "CBM 114 Extra"]
[Source "ChessBase"]
[SourceDate "2006.11.03"]
[SourceVersion "1"]
[SourceVersionDate "2006.11.03"]
[SourceQuality "1"]

1. Nf3 Nf6 2. d4 g6 3. Bf4 Bg7 4. Nbd2 d5 5. h3 c5 6. e3 Nc6 7. Be2 Qb6 8. Nb3 c4 9. Nc5 Qxb2 10. Qc1 Qxc1+ 11. Rxc1 b6 12. Na4 Ne4 13. 0-0 b5 14. Nb2 Nc3 15. Bd1 Nxa2 16. Ra1 Nc3 17. Ra3 b4 18. Rxc3 bxc3 19. Na4 0-0 20. Nxc3 e6 21. Nb5 a6 22. Nd6 Rd8 23. Nxc8 Rdxc8 24. c3 Na7 25. Ba4 Nb5 26. Rc1 f6 27. Kf1 Bf8 28. g4 g5 29. Bg3 Kf7 30. h4 h6 31. hxg5 hxg5 32. Ke2 Bd6 33. Bxb5 Bxg3 34. Bxa6 Rxa6 35. fxg3 Ra2+ 36. Kd1 Rh8 37. Rc2 Rxc2 38. Kxc2 Rh3 0-1

[Event "Prague ProMoPro op"]
[Site "Prague"]
[Date "2006.09.12"]
[Round "4"]
[White "Stepanek, Svatopluk"]
[Black "Bernasek, Vaclav"]
[Result "1/2-1/2"]
[WhiteElo "2005"]
[BlackElo "2128"]
[PlyCount "43"]
[EventDate "2006.09.09"]
[EventType "swiss"]
[EventRounds "9"]
[EventCountry "CZE"]
[SourceTitle "CBM 114 Extra"]
[Source "ChessBase"]
[SourceDate "2006.11.03"]
[SourceVersion "1"]
[SourceVersionDate "2006.11.03"]
[SourceQuality "1"]

1. Nf3 Nf6 2. d4 g6 3. Bg5 Bg7 4. Nbd2 c5 5. e3 Qb6 6. Rb1 cxd4 7. exd4 0-0 8. Bc4 Nc6 9. c3 d6 10. d5 Ne5 11. Nxe5 dxe5 12. Be3 Qc7 13. Bb3 Bg4 14. f3 Bf5 15. Rc1 h5 16. 0-0 e4 17. Qe2 exf3 18. Nxf3 Rad8 19. Rfd1 Ng4 20. Bd4 Bh6 21. h3 Nf6 22. Be5 1/2-1/2

[Event "Prague ProMoPro op"]
[Site "Prague"]
[Date "2005.09.21"]
[Round "7"]
[White "Stepanek, Svatopluk"]
[Black "Listopad, Martin"]
[Result "0-1"]
[WhiteElo "2068"]
[BlackElo "1979"]
[PlyCount "82"]
[EventDate "2005.09.15"]
[EventType "swiss"]
[EventRounds "9"]
[EventCountry "CZE"]
[SourceTitle "CBM 108 Extra"]
[Source "ChessBase"]
[SourceDate "2005.11.04"]
[SourceVersion "1"]
[SourceVersionDate "2005.11.04"]
[SourceQuality "1"]

1. e4 c5 2. Nf3 d6 3. d4 cxd4 4. Nxd4 Nf6 5. Nc3 g6 6. Bc4 Bg7 7. 0-0 0-0 8. Re1 Nc6 9. Nde2 Ne5 10. Bb3 Bd7 11. Bg5 Rc8 12. Qd2 Nc4 13. Qc1 Be6 14. Rb1 Rc5 15. Bh6 Bxh6 16. Qxh6 Rh5 17. Qf4 Ne5 18. Ng3 g5 19. Qd2 Rh6 20. h4 Rxh4 21. Qxg5+ Ng6 22. Nf5 Bxf5 23. exf5 Rg4 24. Qe3 Ne5 25. Rbd1 Qc8 26. f4 Nc6 27. Qd3 Rxf4 28. Nd5 Nxd5 29. Bxd5 Ne5 30. Qh3 Qxc2 31. Qg3+ Rg4 32. Qf2 Qxf2+ 33. Kxf2 Rf4+ 34. Kg3 Rxf5 35. Be4 Rg5+ 36. Kf4 Rg4+ 37. Kf5 Kg7 38. Bd5 e6+ 39. Bxe6 fxe6+ 40. Kxe6 Rf6+ 41. Ke7 Rgg6 0-1

[Event "Prague ProMoPro op"]
[Site "Prague"]
[Date "2005.09.19"]
[Round "5"]
[White "Stepanek, Svatopluk"]
[Black "Nemcova, Kristyna"]
[Result "0-1"]
[WhiteElo "2068"]
[BlackElo "2009"]
[PlyCount "54"]
[EventDate "2005.09.15"]
[EventType "swiss"]
[EventRounds "9"]
[EventCountry "CZE"]
[SourceTitle "CBM 108 Extra"]
[Source "ChessBase"]
[SourceDate "2005.11.04"]
[SourceVersion "1"]
[SourceVersionDate "2005.11.04"]
[SourceQuality "1"]

1. e4 d5 2. exd5 Nf6 3. Bb5+ Bd7 4. Bxd7+ Qxd7 5. c4 c6 6. dxc6 Qxc6 7. Nf3 Qxc4 8. d3 Qg4 9. 0-0 Nc6 10. Nc3 e6 11. Qb3 Qb4 12. Qc4 Be7 13. a3 Qa5 14. Bf4 Qd8 15. Rad1 Nh5 16. Be3 Nf6 17. d4 Nd5 18. Nxd5 Qxd5 19. Qxd5 exd5 20. Rc1 Bd6 21. Rc2 0-0 22. Nd2 Rae8 23. Nb3 f5 24. g3 f4 25. Bc1 Rf7 26. Nc5 Nxd4 27. Nxb7 Rxb7 0-1

[Event "Prague ProMoPro op"]
[Site "Prague"]
[Date "2005.09.17"]
[Round "3"]
[White "Stepanek, Svatopluk"]
[Black "Vedral, Oldrich"]
[Result "0-1"]
[WhiteElo "2068"]
[BlackElo "2252"]
[PlyCount "62"]
[EventDate "2005.09.15"]
[EventType "swiss"]
[EventRounds "9"]
[EventCountry "CZE"]
[SourceTitle "CBM 108 Extra"]
[Source "ChessBase"]
[SourceDate "2005.11.04"]
[SourceVersion "1"]
[SourceVersionDate "2005.11.04"]
[SourceQuality "1"]

1. e4 Nf6 2. Nc3 e6 3. f4 d5 4. e5 Nfd7 5. Nf3 c5 6. Be2 Nc6 7. d3 b5 8. 0-0 b4 9. Nb1 Be7 10. Be3 0-0 11. c3 bxc3 12. bxc3 Qa5 13. Qe1 Rb8 14. a4 Ba6 15. Qg3 g6 16. h4 Rb2 17. Nfd2 d4 18. cxd4 cxd4 19. Bf2 Rxd2 20. Nxd2 Qxd2 21. Bf3 Na5 22. Rfd1 Qb4 23. h5 Nc5 24. hxg6 hxg6 25. Rab1 Nab3 26. Qh3 Bxd3 27. Rxd3 Nxd3 28. Be4 Nxf2 29. Kxf2 d3 30. Bxg6 Qxf4+ 31. Kg1 fxg6 0-1